[Event "Grand Rapids (MI Am/4/18)"]
[Site "?"]
[Date "1994.??.??"]
[Round "?"]
[White "Munger, Larry"]
[Black "Lindsey, P."]
[Result "1-0"]
[WhiteElo "1725"]
[BlackElo "1605"]
[PlyCount "107"]
[EventDate "1994.??.??"]

{4/(18)} 1. e4 c5 2. d3 Nc6 3. g3 Nf6 4. Bg2 d6 5. Nf3 Bg4 6. Be3 d5 7. exd5
Nxd5 8. O-O Nxe3 9. fxe3 e5 10. Nbd2 Bd6 11. c3 a6 12. Qb3 Na5 13. Qd5 Be6 14.
Qe4 f5 15. Qh4 Be7 16. Qa4+ b5 17. Qc2 e4 18. dxe4 f4 19. exf4 Ra7 20. b3 O-O
21. e5 Bf5 22. Ne4 c4 23. b4 Nb7 24. Nd4 Qb6 25. Kh1 Qg6 26. Nxf5 Qxf5 27. Qf2
Raa8 28. Rad1 Rfd8 29. Rxd8+ Nxd8 30. Rd1 Ne6 31. Nd6 Rf8 32. Bd5 Kh8 33. Qe2
Nc7 34. Be4 Qe6 35. Qc2 g6 36. Rd4 Bd8 37. Nb7 Be7 38. Nc5 Bxc5 39. bxc5 Qh3
40. Qg2 Qc8 41. Bc6 Qf5 42. Qe4 Qh3 43. Kg1 Ne6 44. Rd6 Nxc5 45. Qd5 Qf5 46.
Qxc5 Qb1+ 47. Kg2 g5 48. Rd1 Qxa2+ 49. Kg1 Rg8 50. Qe7 h6 51. Qf6+ Rg7 52. Rd8+
Kh7 53. Be4+ Rg6 54. Qf7# 1-0

[Event "Detroit (Class B/3/5)"]
[Site "?"]
[Date "1994.??.??"]
[Round "?"]
[White "Munger, Larry"]
[Black "Jointer, William"]
[Result "1-0"]
[WhiteElo "1705"]
[BlackElo "1700"]
[PlyCount "85"]
[EventDate "1994.??.??"]

{3/(5)} 1. e4 c5 2. d3 g6 3. g3 Bg7 4. Bg2 e6 5. Nf3 Ne7 6. Nbd2 O-O 7. Nc4 d5
8. Ne3 Nbc6 9. c3 d4 10. cxd4 cxd4 11. Nc2 Qb6 12. O-O Bd7 13. b3 Rac8 14. Na3
Qb4 15. Nc4 Qc5 16. Ba3 Nb4 17. Bxb4 Qxb4 18. a3 Qc5 19. b4 Qc7 20. Rc1 Bh6 21.
Rb1 b5 22. Nce5 Qd6 23. Ng4 Bg7 24. e5 Qb6 25. Nf6+ Bxf6 26. exf6 Nd5 27. Ne5
Nxf6 28. Qf3 Kg7 29. Qxf6+ Kg8 30. Nxd7 Qd6 31. Nxf8 Rxf8 32. Rfc1 h5 33. Rc5
Qb6 34. Rc6 Qb8 35. Rbc1 e5 36. Be4 Kh7 37. Bxg6+ fxg6 38. Qxg6+ Kh8 39. Qh6+
Kg8 40. Rg6+ Kf7 41. Qg7+ Ke8 42. Re6+ Kd8 43. Qe7# 1-0

[Event "Detroit (Class B/1/14)"]
[Site "?"]
[Date "1994.??.??"]
[Round "?"]
[White "Munger, Larry"]
[Black "Iverson, B."]
[Result "1/2-1/2"]
[WhiteElo "1705"]
[BlackElo "1610"]
[PlyCount "168"]
[EventDate "1994.??.??"]

{1/(14)} 1. e4 e6 2. d4 c5 3. d5 exd5 4. exd5 d6 5. c4 Bf5 6. Nc3 g6 7. Nf3 Bg7
8. Bd2 Nd7 9. Be2 Ngf6 10. O-O Ne4 11. Nxe4 Bxe4 12. Qb3 Bxf3 13. Bxf3 b6 14.
Rae1+ Ne5 15. Qb5+ Qd7 16. Qxd7+ Kxd7 17. Be2 f5 18. f4 Nf7 19. b3 Rae8 20. g4
Re7 21. gxf5 gxf5 22. Bd3 Nh6 23. Rxe7+ Kxe7 24. Re1+ Kd7 25. h3 Re8 26. Kg2
Bf6 27. Kf3 Rxe1 28. Bxe1 Ke7 29. b4 cxb4 30. Bxb4 Bd4 31. a4 Bc5 32. Be1 Bd4
33. Bh4+ Bf6 34. Bf2 Kf7 35. Ke3 Kg6 36. Be1 Nf7 37. a5 Bd8 38. axb6 Bxb6+ 39.
Kf3 Bd4 40. Ba5 Bb6 41. Bc3 Nd8 42. Bc2 Nb7 43. Bb4 Bc5 44. Bc3 a5 45. Bd2 Bb4
46. Be3 Bc5 47. Bd1 Bxe3 48. Kxe3 Nc5 49. Kd4 Kf6 50. Kc3 Ne4+ 51. Kc2 Nf2 52.
h4 Nh3 53. Kb3 Nxf4 54. Ka4 Ng2 55. h5 Ne3 56. Be2 Ke5 57. Kxa5 Kd4 58. Kb5 h6
59. c5 Nxd5 60. cxd6 Nf6 61. Kc6 Ke5 62. d7 Nxd7 63. Kxd7 Kf6 64. Kd6 f4 65.
Bf3 Kf5 66. Kd5 Kf6 67. Kd6 Kg7 68. Ke6 Kh7 69. Kf6 Kg8 70. Kg6 Kh8 71. Kxh6
Kg8 72. Kg5 Kg7 73. Kxf4 Kh6 74. Kg4 Kh7 75. Kg5 Kg7 76. Be4 Kh8 77. Kh6 Kg8
78. Bf5 Kh8 79. Kg6 Kg8 80. Kf6 Kh8 81. Be6 Kh7 82. Kf7 Kh6 83. Bg4 Kh7 84. Kf8
Kh8 1/2-1/2

[Event "Detroit (MOR/4/19)"]
[Site "?"]
[Date "1994.??.??"]
[Round "?"]
[White "Munger, Larry"]
[Black "Hayes, P."]
[Result "1-0"]
[WhiteElo "1725"]
[BlackElo "1605"]
[PlyCount "141"]
[EventDate "1994.??.??"]

{4/(19)} 1. e4 e5 2. d3 Nf6 3. Nf3 Nc6 4. g3 d5 5. Nbd2 Bg4 6. Bg2 Qd7 7. c3
Bh3 8. O-O Bxg2 9. Kxg2 Be7 10. Qc2 O-O-O 11. a4 h5 12. b4 h4 13. Rh1 hxg3 14.
fxg3 Qh3+ 15. Kg1 Nh5 16. Nf1 Rh7 17. exd5 Rxd5 18. d4 g6 19. Qe4 Nf6 20. Qe3
exd4 21. Nxd4 Re5 22. Qf3 Nxd4 23. cxd4 Rf5 24. Qg2 Qxg2+ 25. Kxg2 Bxb4 26. Nd2
Bc3 27. Ra3 Bxd4 28. Nf3 Bc5 29. Rd3 Ng4 30. Re1 Rh8 31. Bb2 Rd8 32. Bd4 Bxd4
33. Nxd4 Nf2 34. Rd2 Ng4 35. Re4 Nf6 36. Re7 Ng8 37. Ree2 Rfd5 38. Nb3 Rxd2 39.
Nxd2 Kd7 40. Nc4 f6 41. Rb2 b6 42. Na3 a6 43. Nc2 Re8 44. Kf3 Re5 45. Nd4 Ne7
46. Rd2 Nd5 47. Ne2 c5 48. Nf4 Kc6 49. Nxg6 c4 50. Nxe5+ fxe5 51. Ke4 c3 52.
Rc2 Kc5 53. h4 Kc4 54. h5 Nf6+ 55. Kxe5 Nxh5 56. g4 Ng7 57. Ke4 b5 58. axb5
axb5 59. Ke3 b4 60. Rf2 Ne6 61. Ke2 c2 62. Kd2 b3 63. Kc1 Kd3 64. Rf3+ Kc4 65.
Kb2 Nd4 66. Rc3+ Kd5 67. Re3 Kd6 68. g5 Nf5 69. Rxb3 Ke6 70. Rb6+ Kf7 71. Rf6+
1-0

[Event "Grand Rapids (MI Am/2/1)"]
[Site "?"]
[Date "1994.??.??"]
[Round "?"]
[White "Munger, Larry"]
[Black "Brattin, Vincent"]
[Result "0-1"]
[WhiteElo "1725"]
[BlackElo "1965"]
[PlyCount "72"]
[EventDate "1994.??.??"]

{2/(1)} 1. e4 c6 2. d3 d5 3. Nd2 h6 4. g3 e5 5. Bg2 Nf6 6. Ngf3 Bd6 7. c3 O-O
8. Qc2 Be6 9. O-O Nbd7 10. d4 dxe4 11. Nxe4 Nxe4 12. Qxe4 f5 13. Qh4 Be7 14.
Qh5 Bf7 15. Qh3 e4 16. Ne5 Nxe5 17. dxe5 Bc4 18. Re1 Qd5 19. Bf4 Rad8 20. b3
Bd3 21. Qh5 Ba3 22. Bxh6 Qxe5 23. Bc1 Bb4 24. Bb2 Bxc3 25. Bxc3 Qxc3 26. Rec1
Bc2 27. Qg6 Rf6 28. Qh5 g6 29. Qh4 Kg7 30. Bxe4 fxe4 31. Qg4 Qd2 32. f4 exf3
33. Qh3 f2+ 34. Kf1 Qd3+ 35. Kg2 Qe4+ 36. Kf1 Bd3# 0-1

[Event "Detroit (MOR/4/61)"]
[Site "?"]
[Date "1994.??.??"]
[Round "?"]
[White "Moulter, Art"]
[Black "Stubbs, B."]
[Result "1-0"]
[WhiteElo "1605"]
[BlackElo "1605"]
[PlyCount "87"]
[EventDate "1994.??.??"]

{4/(61)} 1. Nf3 Nf6 2. d4 d5 3. c4 dxc4 4. Nc3 e6 5. Qa4+ Nc6 6. Qxc4 h6 7. a3
a6 8. Bf4 Bd6 9. Bxd6 cxd6 10. e3 d5 11. Qa4 Bd7 12. Qb3 Qc7 13. Bd3 O-O 14.
Rc1 Rab8 15. g3 e5 16. Nxd5 Qa5+ 17. Nc3 Be6 18. Qa4 Qd8 19. O-O Ng4 20. Rfd1
Qf6 21. Kg2 exd4 22. Ne4 Qg6 23. Nh4 Qh5 24. exd4 Rfd8 25. Be2 Ne3+ 26. fxe3
Qxe2+ 27. Nf2 Bd5+ 28. Kg1 Qxe3 29. Rc3 Qe2 30. Qc2 Qb5 31. Qd2 Re8 32. Nf5 Ne7
33. Nd6 Qd7 34. Nxe8 Qxe8 35. Re1 Kf8 36. Ree3 Qa4 37. Qd3 g6 38. Ng4 Be6 39.
Nxh6 Bc4 40. Qe4 Bd5 41. Qe5 Ng8 42. Qh8 Be6 43. d5 Bd7 44. Qxg8# 1-0

[Event "Detroit (MOR/2/38)"]
[Site "?"]
[Date "1994.??.??"]
[Round "?"]
[White "Moulter, Art"]
[Black "Hartwig, Thomas"]
[Result "0-1"]
[WhiteElo "1605"]
[BlackElo "1605"]
[PlyCount "82"]
[EventDate "1994.??.??"]

{2/(38)} 1. Nf3 d5 2. d4 Nf6 3. c4 dxc4 4. Nc3 Bf5 5. Bf4 e6 6. a3 c5 7. Qa4+
Nc6 8. e3 Qb6 9. Ra2 Bd3 10. Bxd3 cxd3 11. O-O O-O-O 12. Qc4 cxd4 13. Na4 Qa6
14. Qxa6 bxa6 15. Rc1 Kb7 16. Rc4 dxe3 17. Bxe3 Nd5 18. Bd2 Nb6 19. Nxb6 axb6
20. a4 Bd6 21. Ne1 Ne5 22. Re4 Bb8 23. Ra3 Rd7 24. Re3 Nc4 25. Raxd3 Rhd8 26.
Rxd7+ Rxd7 27. Rd3 Rxd3 28. Nxd3 Nxd2 29. f3 Kc6 30. Kf2 Bxh2 31. Ke2 Nb3 32.
Nb4+ Kb7 33. Kf2 Be5 34. Nd3 Bf6 35. Ke3 Nc5 36. b4 Nxd3 37. Kxd3 b5 38. a5 Kc6
39. Ke4 Bc3 40. g4 Bxb4 41. f4 Bxa5 0-1

[Event "Detroit (MOR/6/53)"]
[Site "?"]
[Date "1994.??.??"]
[Round "?"]
[White "Moulter, Art"]
[Black "Charette, B."]
[Result "0-1"]
[WhiteElo "1605"]
[BlackElo "1605"]
[PlyCount "82"]
[EventDate "1994.??.??"]

{6/(53)} 1. e4 e5 2. Nf3 Nf6 3. Nc3 Bb4 4. Nxe5 d6 5. Nf3 Bg4 6. Be2 O-O 7. d3
Nc6 8. Bd2 d5 9. a3 Bxc3 10. Bxc3 dxe4 11. dxe4 Qxd1+ 12. Rxd1 Nxe4 13. Ne5
Bxe2 14. Kxe2 Nxc3+ 15. bxc3 Nxe5 16. Rhe1 Nc4 17. Ra1 Rfe8+ 18. Kf1 Rxe1+ 19.
Kxe1 Re8+ 20. Kf1 Re6 21. a4 h6 22. g3 Rd6 23. Ke2 Rd2+ 24. Ke1 Rxc2 25. h4
Rxc3 26. Rd1 f6 27. Rd7 Nb2 28. a5 b5 29. axb6 axb6 30. Kd2 Rc6 31. f3 Nc4+ 32.
Ke2 b5 33. f4 b4 34. Rd8+ Kh7 35. Rb8 Rb6 36. Rxb6 cxb6 37. Kd1 b3 38. Kc1 h5
39. f5 g6 40. fxg6+ Kxg6 41. Kb1 Kf5 0-1

[Event "Detroit (MOR/5/55)"]
[Site "?"]
[Date "1994.??.??"]
[Round "?"]
[White "Moulter, Al"]
[Black "Whipple, Greg"]
[Result "1-0"]
[WhiteElo "1605"]
[BlackElo "1605"]
[PlyCount "63"]
[EventDate "1994.??.??"]

{5/(55)} 1. e4 e5 2. Nf3 Nc6 3. Bc4 Bc5 4. d3 Nf6 5. Ng5 O-O 6. Nc3 d6 7. h3
Nd4 8. Be3 c6 9. Bxf7+ Rxf7 10. Nxf7 Kxf7 11. Na4 Bb6 12. O-O Be6 13. c3 Nb5
14. c4 Nd4 15. Nxb6 Qxb6 16. b3 d5 17. f4 exf4 18. Rxf4 dxc4 19. e5 cxb3 20.
axb3 Bxb3 21. Qh5+ Ke6 22. exf6 Qb5 23. Qg4+ Nf5 24. Bd4 Qxd3 25. Re1+ Kf7 26.
Rxf5 g6 27. Re7+ Kf8 28. Rfe5 Bf7 29. Rxf7+ Kg8 30. Rg7+ Kf8 31. Bc5+ Qd6 32.
Bxd6# 1-0

[Event "Detroit (MOR/1b/24)"]
[Site "?"]
[Date "1994.??.??"]
[Round "?"]
[White "Moulter, Al"]
[Black "Venia, Mike"]
[Result "0-1"]
[WhiteElo "1605"]
[BlackElo "1605"]
[PlyCount "104"]
[EventDate "1994.??.??"]

1. e4 c5 2. Bc4 e6 3. Nc3 d6 4. d3 Nf6 5. Bg5 Be7 6. Nf3 O-O 7. e5 dxe5 8. Nxe5
Nd5 9. Bxe7 Nxe7 10. Qf3 Nbc6 11. Nxc6 Nxc6 12. Bb5 Nd4 13. Qd1 a6 14. Ba4 b5
15. Bb3 Bb7 16. Qg4 Qe7 17. O-O-O f5 18. Qh3 Nxb3+ 19. cxb3 Qg5+ 20. Qe3 Qxe3+
21. fxe3 Bxg2 22. Rhg1 Bb7 23. Rdf1 e5 24. Rg5 g6 25. h4 Kg7 26. Rfg1 Rf6 27.
Ne2 e4 28. dxe4 Bxe4 29. Nf4 Kf7 30. h5 Rg8 31. hxg6+ hxg6 32. Kd2 Bc6 33. Kc3
Rd6 34. a3 Be8 35. b4 c4 36. a4 Kf6 37. axb5 axb5 38. Ne2 Rd3+ 39. Kc2 Rxe3 40.
Nd4 Re5 41. Nf3 Re2+ 42. Kc1 Rg7 43. Nd4 Re5 44. Nf3 Rd5 45. R5g2 Rh7 46. Re1
Re7 47. Rh1 Ra7 48. Rh8 Ra1+ 49. Kc2 Rdd1 50. b3 Rac1+ 51. Kb2 c3+ 52. Ka2 Ra1#
0-1

[Event "Detroit (MOR/3/67)"]
[Site "?"]
[Date "1994.??.??"]
[Round "?"]
[White "Moulter, Al"]
[Black "Radway, J."]
[Result "1-0"]
[WhiteElo "1605"]
[BlackElo "1605"]
[PlyCount "75"]
[EventDate "1994.??.??"]

{3/(67)} 1. e4 Nf6 2. d4 d5 3. e5 Ne4 4. Qf3 e6 5. Bd3 Nxf2 6. Qxf2 g6 7. Nf3
Bg7 8. Nc3 O-O 9. Bd2 a5 10. O-O-O c6 11. Qg3 b5 12. Qh3 h5 13. Rhg1 b4 14. Nb1
Qe7 15. g4 Kh7 16. gxh5 Rh8 17. hxg6+ Kg8 18. Qg3 a4 19. Bxb4 Qxb4 20. gxf7+
Kxf7 21. Qxg7+ Ke8 22. Qxh8+ Qf8 23. Rg8 Nd7 24. Rxf8+ Nxf8 25. Bg6+ Ke7 26.
Qg7+ Kd8 27. Qxf8+ Kc7 28. Rd3 Kb6 29. b3 Bb7 30. Qc5+ Kc7 31. h4 Ba6 32. Rc3
Bb5 33. Qxb5 Rf8 34. Qxc6+ Kb8 35. Qd6+ Kb7 36. Qxf8 axb3 37. Rxb3+ Ka7 38.
Qa3# 1-0

[Event "Detroit (Class C/2/10)"]
[Site "?"]
[Date "1994.??.??"]
[Round "?"]
[White "Motley, Gerald"]
[Black "West, Tony"]
[Result "0-1"]
[WhiteElo "1605"]
[BlackElo "1605"]
[PlyCount "134"]
[EventDate "1994.??.??"]

{2/(10)} 1. d4 Nf6 2. Nf3 g6 3. Nc3 Bg7 4. e4 d6 5. Bg5 O-O 6. Bd3 Bg4 7. Be2
Nbd7 8. h3 Bxf3 9. Bxf3 c5 10. d5 Qb6 11. b3 Ne5 12. Rb1 Qb4 13. Bd2 Qb6 14.
Be2 e6 15. Bg5 Qb4 16. Bd2 Nxe4 17. Nb5 Qxd2+ 18. Qxd2 Nxd2 19. Kxd2 Rfd8 20.
Rhd1 a6 21. Nc3 b5 22. f4 Bh6 23. g3 b4 24. Ne4 f5 25. Nf2 exd5 26. Ke1 Nc6 27.
Rxd5 Nd4 28. Kd2 Re8 29. Re1 Re7 30. Rxd4 Rxe2+ 31. Rxe2 cxd4 32. Kd3 Bg7 33.
Kc4 Rb8 34. Nd3 a5 35. Kd5 Rb6 36. Re6 Rb5+ 37. Kc6 Rb8 38. Kxd6 Rc8 39. Re2
Kf7 40. Kd7 Rc3 41. Re7+ Kf6 42. Re2 h6 43. h4 Bf8 44. Re6+ Kg7 45. Rc6 Rxc6
46. Kxc6 Be7 47. Kd5 Bf6 48. Nc5 g5 49. hxg5 hxg5 50. fxg5 Bxg5 51. Kxd4 Kg6
52. Nb7 Kh5 53. Ke5 Kg4 54. Nxa5 Bd8 55. Nc4 Bc7+ 56. Kd5 Kxg3 57. Kd4 f4 58.
Ke4 f3 59. Ke3 Bf4+ 60. Kd3 Kg2 61. Ke4 Bc1 62. Kd3 f2 63. Ne3+ Bxe3 64. Kxe3
f1=Q 65. Kd4 Qf5 66. c4 bxc3 67. Kxc3 Qc5+ 0-1

[Event "Detroit (MOR/1a/38)"]
[Site "?"]
[Date "1994.??.??"]
[Round "?"]
[White "Motley, Gerald"]
[Black "Rodriguez, Brent"]
[Result "1-0"]
[WhiteElo "1605"]
[BlackElo "1605"]
[PlyCount "67"]
[EventDate "1994.??.??"]

1. b4 d5 2. Bb2 e5 3. e3 Nf6 4. a3 Bg4 5. Be2 h5 6. Bxe5 Nh7 7. Bxg4 hxg4 8.
Qxg4 f6 9. Bb2 f5 10. Qxf5 Be7 11. Qg6+ Kd7 12. Nf3 Nf8 13. Ne5+ Kc8 14. Qg4+
Nbd7 15. Nf7 Qe8 16. Nxh8 Bf6 17. Bxf6 gxf6 18. Nc3 Kd8 19. d4 Nb6 20. O-O Nc4
21. Nxd5 Nd2 22. Rfd1 Nb3 23. cxb3 c6 24. Nxf6 Ne6 25. Nxe8 Kxe8 26. Qg8+ Ke7
27. Qxa8 Nc7 28. Qxb7 Kd6 29. Rac1 a6 30. Qxc6+ Ke7 31. Qxc7+ Ke6 32. Qe5+ Kd7
33. Rc7+ Kd8 34. Qe7# 1-0

[Event "Detroit (Class C/4/6)"]
[Site "?"]
[Date "1994.??.??"]
[Round "?"]
[White "Motley, Gerald"]
[Black "Horn, K."]
[Result "1/2-1/2"]
[WhiteElo "1605"]
[BlackElo "1605"]
[PlyCount "144"]
[EventDate "1994.??.??"]

{4/(6)} 1. b4 a5 2. b5 c6 3. c4 cxb5 4. cxb5 d5 5. a4 Nf6 6. Bb2 e6 7. Ba3 Bxa3
8. Rxa3 Nbd7 9. d4 Nb6 10. e3 Ne4 11. Nd2 Qe7 12. Rb3 Nxd2 13. Qxd2 Bd7 14. Qa2
O-O 15. Be2 Rfc8 16. Qa1 Rc7 17. Nf3 Rac8 18. O-O Kh8 19. Ne5 f6 20. Nf3 Be8
21. Rb2 Rc3 22. Qb1 Bg6 23. Qa1 R8c7 24. Nh4 Bd3 25. Bxd3 Rxd3 26. Nf3 Rdc3 27.
Nd2 Nc4 28. Nxc4 R7xc4 29. g3 Kg8 30. Kg2 Qc7 31. Rbb1 Rc2 32. Kg1 R4c3 33. Rb2
Rc1 34. Qa2 Rxf1+ 35. Kxf1 Qc4+ 36. Kg2 Qxa2 37. Rxa2 b6 38. Kf3 Kf7 39. h4 h5
40. Ke2 g5 41. Kd2 Rc4 42. Kd3 Kg6 43. f3 e5 44. Ra1 exd4 45. e4 Rc3+ 46. Kxd4
Rxf3 47. hxg5 dxe4 48. gxf6 Kxf6 49. Kxe4 Rxg3 50. Kd5 Rg6 51. Kc6 Kg7+ 52. Kc7
h4 53. Ra3 Rg3 54. Ra2 h3 55. Rh2 Kg6 56. Kxb6 Kg5 57. Ka7 Kg4 58. b6 Rb3 59.
b7 Kg3 60. Rxh3+ Kxh3 61. b8=Q Rxb8 62. Kxb8 Kg4 63. Kb7 Kf5 64. Kb6 Ke6 65.
Kxa5 Kd7 66. Kb6 Kc8 67. Ka7 Kc7 68. a5 Kc8 69. Ka8 Kc7 70. Ka7 Kc8 71. a6 Kc7
72. Ka8 Kb6 1/2-1/2

[Event "Detroit (MOR/4/22)"]
[Site "?"]
[Date "1994.??.??"]
[Round "?"]
[White "Motley, Gerald"]
[Black "Bostic, Donald"]
[Result "0-1"]
[WhiteElo "1605"]
[BlackElo "1690"]
[PlyCount "56"]
[EventDate "1994.??.??"]

{4/(22)} 1. b4 d5 2. e3 e6 3. Bb2 Nf6 4. a3 c5 5. b5 Be7 6. Nf3 Nbd7 7. c4 O-O
8. Qc2 b6 9. h4 Bb7 10. Ng5 g6 11. h5 Nxh5 12. Nxh7 Re8 13. g4 d4 14. Rh3 Nhf6
15. Ng5 Qc7 16. Nxe6 Qe5 17. Nf4 Kg7 18. d3 Nxg4 19. Nd2 Ndf6 20. O-O-O Nxf2
21. Nf3 Qxe3+ 22. Kb1 Nxh3 23. Nxh3 Bxf3 24. Rd2 Qe1+ 25. Ka2 Qxf1 26. Rh2 Bd6
27. Rd2 Qxh3 28. Bc1 Bf4 0-1

[Event "Detroit (Class C/5/7)"]
[Site "?"]
[Date "1994.??.??"]
[Round "?"]
[White "Motley, Gerald"]
[Black "Asbury, Victor"]
[Result "1-0"]
[WhiteElo "1605"]
[BlackElo "1605"]
[PlyCount "71"]
[EventDate "1994.??.??"]

{5/(7)} 1. b4 b6 2. Bb2 c5 3. b5 a6 4. e3 axb5 5. Bxb5 Ba6 6. Nc3 Nf6 7. a4 g6
8. Bxa6 Nxa6 9. Nb5 Bg7 10. Ne2 O-O 11. d4 d6 12. O-O Nd5 13. c3 Ndc7 14. c4
Qd7 15. Qd2 Ne6 16. Rfd1 Ng5 17. Ng3 f5 18. h4 Ne6 19. d5 Nec7 20. h5 Nxb5 21.
axb5 Nc7 22. h6 Bxh6 23. Qc3 Rf6 24. Rxa8+ Nxa8 25. Qa3 Rf8 26. Qc3 Rf6 27. Ra1
Qd8 28. Ne2 Bg7 29. Nf4 Nc7 30. Ra7 Rf7 31. Qa3 Bxb2 32. Qxb2 Qc8 33. Qa1 Rf8
34. Rxc7 Qxc7 35. Ne6 Qb8 36. Qg7# 1-0

[Event "Detroit (MOR/1b/3)"]
[Site "?"]
[Date "1994.??.??"]
[Round "?"]
[White "Morrow, Chris"]
[Black "Whipple, Greg"]
[Result "1-0"]
[WhiteElo "1775"]
[BlackElo "1605"]
[PlyCount "151"]
[EventDate "1994.??.??"]

1. e4 e5 2. Nf3 Nc6 3. Bc4 Bc5 4. c3 Nf6 5. d3 d6 6. b4 Bb6 7. a4 a5 8. b5 Ne7
9. O-O Bg4 10. Nbd2 Ng6 11. h3 Bh5 12. Qb3 Nf4 13. Nb1 Qd7 14. Bxf4 Bxf3 15.
Be3 d5 16. Bxb6 dxc4 17. Qxc4 Be2 18. Re1 Bxd3 19. Qxc7 Qxc7 20. Bxc7 Nxe4 21.
Bxe5 O-O 22. Re3 Bxb1 23. Rxb1 Nd2 24. Rbe1 Nc4 25. Re4 Nxe5 26. Rxe5 f6 27.
Re7 Rf7 28. Re8+ Rxe8 29. Rxe8+ Rf8 30. Rxf8+ Kxf8 31. Kf1 Ke7 32. Ke2 Kd6 33.
Kd3 Kd5 34. c4+ Kc5 35. f4 Kb4 36. f5 g6 37. g4 Kxa4 38. Kc3 g5 39. b6 h6 40.
Kd4 Kb4 41. Kd5 a4 42. c5 a3 43. c6 bxc6+ 44. Kxc6 a2 45. b7 a1=Q 46. b8=Q+ Kc4
47. Qg8+ Kd4 48. Qd5+ Ke3 49. Qb3+ Kf2 50. Qc2+ Kg3 51. Qd3+ Kh4 52. Kd6 Qe5+
53. Kd7 h5 54. Qf3 Qb5+ 55. Ke6 Qc4+ 56. Kxf6 Qf4 57. Qd3 hxg4 58. hxg4 Qxg4
59. Kg7 Qf4 60. f6 Qe5 61. Qh7+ Kg4 62. Qg6 Kh3 63. Kh7 g4 64. f7 Qf4 65. Qh6+
Qxh6+ 66. Kxh6 g3 67. f8=Q g2 68. Qf3+ Kh2 69. Qf2 Kh1 70. Qh4+ Kg1 71. Kg5 Kf1
72. Qf4+ Ke2 73. Qg3 Kf1 74. Qf3+ Kg1 75. Kg4 Kh1 76. Kg3 1-0

[Event "Detroit (MOR/3/15)"]
[Site "?"]
[Date "1994.??.??"]
[Round "?"]
[White "Morrow, Chris"]
[Black "Watassek, F."]
[Result "1-0"]
[WhiteElo "1775"]
[BlackElo "1605"]
[PlyCount "83"]
[EventDate "1994.??.??"]

{3/(15)} 1. e4 e5 2. Nf3 Nc6 3. Bc4 Nf6 4. d4 exd4 5. O-O Bc5 6. e5 Ng8 7. c3
d5 8. exd6 Qxd6 9. Ng5 Be6 10. Bxe6 fxe6 11. Ne4 Qd5 12. Re1 O-O-O 13. Nxc5
Qxc5 14. Qg4 Rd7 15. Rxe6 Nf6 16. Qe2 Rhd8 17. b4 Nxb4 18. Re5 Nbd5 19. c4 Qc6
20. Bd2 Nb6 21. Na3 d3 22. Qf3 Qa4 23. Ra5 Qc6 24. Qxc6 bxc6 25. Rxa7 Ne4 26.
Rd1 Nxd2 27. Rxd2 Rd4 28. c5 Nd5 29. Ra8+ Kd7 30. Rxd8+ Kxd8 31. Kf1 Nb4 32. f3
Rd5 33. Nc4 Na6 34. Nb2 Nxc5 35. a4 Kc8 36. f4 Kb7 37. Kf2 Ka6 38. Ke3 Ka5 39.
Nxd3 Nxd3 40. Rxd3 Rxd3+ 41. Kxd3 Kxa4 42. f5 {[Remainder illegible; 1-0, 69?]}
1-0

[Event "Detroit (MOR/5/6)"]
[Site "?"]
[Date "1994.??.??"]
[Round "?"]
[White "Morrow, Chris"]
[Black "Velasquez, A."]
[Result "1/2-1/2"]
[WhiteElo "1775"]
[BlackElo "1690"]
[PlyCount "135"]
[EventDate "1994.??.??"]

{5/(6)} 1. e4 c5 2. c3 Nc6 3. d4 cxd4 4. cxd4 d6 5. Bb5 Bd7 6. Nc3 g6 7. Nf3
Bg7 8. Be3 Nf6 9. h3 a6 10. Bd3 Rc8 11. Na4 b5 12. Nc3 O-O 13. a3 Na5 14. Rc1
Nc4 15. Bxc4 Rxc4 16. b3 Rc8 17. O-O Bc6 18. Qd3 Bb7 19. b4 Nd7 20. d5 Nb6 21.
Nd2 Nc4 22. Nxc4 Rxc4 23. Nb1 Qc7 24. Rxc4 Qxc4 25. Qxc4 bxc4 26. Rc1 Rc8 27.
Nc3 h5 28. f3 Kh7 29. Bd2 Bd4+ 30. Kf1 Rc7 31. Ke2 Bc8 32. Be3 Bxe3 33. Kxe3
Bd7 34. Kd4 e5+ 35. Ke3 f5 36. Ke2 g5 37. Kf2 Kg6 38. exf5+ Bxf5 39. Ne4 Bxe4
40. fxe4 g4 41. h4 c3 42. Ke3 Rc4 43. Kd3 Rd4+ 44. Ke3 Rc4 45. Rc2 Kf6 46. Kd3
Rd4+ 47. Kxc3 Rxe4 48. Rf2+ Rf4 49. Re2 Ke7 50. Kb3 Rd4 51. Rf2 Rf4 52. Rc2 Rd4
53. Rc6 Rxd5 54. Rxa6 e4 55. Rc6 e3 56. Rc1 e2 57. Re1 Re5 58. Kc2 Re3 59. Kd2
Rg3 60. Rxe2+ Kf6 61. Kc1 Rb3 62. Rb2 Rxb2 63. Kxb2 Ke5 64. Kc3 Kd5 65. Kd3 Ke5
66. Ke3 Kd5 67. Kd3 Ke5 68. Ke3 1/2-1/2

[Event "Detroit (Class B/4/8)"]
[Site "?"]
[Date "1994.??.??"]
[Round "?"]
[White "Morrow, Chris"]
[Black "Vaka, Flamur"]
[Result "0-1"]
[WhiteElo "1795"]
[BlackElo "1735"]
[PlyCount "156"]
[EventDate "1994.??.??"]

{4/(8)} 1. e4 e5 2. Nf3 Nc6 3. Bc4 Bc5 4. Nc3 d6 5. O-O Bg4 6. d3 h6 7. Na4 Bb6
8. Nxb6 axb6 9. c3 Qf6 10. a3 Nge7 11. h3 Bxf3 12. Qxf3 Qxf3 13. gxf3 Ng6 14.
Kh2 Nh4 15. f4 exf4 16. Bxf4 Nf3+ 17. Kg3 Nfe5 18. Bb5 O-O-O 19. d4 Ng6 20. Bd2
Rhf8 21. Bc4 Na5 22. Ba2 Rde8 23. Rae1 Re7 24. h4 Rfe8 25. f3 b5 26. Kh3 Nf8
27. Rg1 f6 28. Rg2 Nc4 29. Bc1 d5 30. e5 fxe5 31. Bxc4 dxc4 32. dxe5 Ne6 33.
Reg1 Rf8 34. f4 Rxf4 35. Rxg7 Rxh4+ 36. Kxh4 Rxg7 37. Rxg7 Nxg7 38. Bxh6 Nf5+
39. Kg5 Ne7 40. Kf4 Kd7 41. Ke4 Ke6 42. Bg5 Nc6 43. Bf4 Na5 44. Kf3 Nb3 45. Kg4
Nc5 46. Kf3 Nd3 47. Ke4 Nxb2 48. Kd4 Na4 49. Bd2 c6 50. Ke4 Nc5+ 51. Kf4 Nd3+
52. Ke4 Nxe5 53. Be3 Nd3 54. Bg1 Nb2 55. Be3 Na4 56. Bd2 b6 57. Be1 Kd6 58.
Bg3+ Ke6 59. Be1 Nc5+ 60. Ke3 Kd5 61. Bd2 Na6 62. Be1 c5 63. Bd2 Nc7 64. Be1
Kc6 65. Kd2 Nd5 66. Kc1 Kd6 67. Bd2 Ke5 68. Kd1 Ke4 69. Ke2 Nf4+ 70. Kd1 Ng2
71. Ke2 Nf4+ 72. Kd1 Nd3 73. Ke2 b4 74. axb4 cxb4 75. cxb4 b5 76. Bc3 Nc1+ 77.
Kd1 Kd3 78. Be1 Na2 0-1

[Event "Detroit (MOR/7/8)"]
[Site "?"]
[Date "1994.??.??"]
[Round "?"]
[White "Morrow, Chris"]
[Black "Marinelli, Philip"]
[Result "0-1"]
[WhiteElo "1775"]
[BlackElo "1685"]
[PlyCount "82"]
[EventDate "1994.??.??"]

{7/(8)} 1. e4 c5 2. c3 Nf6 3. e5 Nd5 4. d4 cxd4 5. Nf3 d3 6. Bxd3 Nc7 7. O-O g6
8. Re1 Bg7 9. Bf4 O-O 10. Nbd2 Ne6 11. Bg3 Nc6 12. b4 a6 13. Qc2 b5 14. Rac1
Bb7 15. a3 Rc8 16. Qb1 Bh6 17. Rc2 Qb6 18. Nf1 a5 19. Ne3 Ncd8 20. bxa5 Qxa5
21. Bxb5 Be4 22. Nc4 Bxc2 23. Nxa5 Bxb1 24. Rxb1 Rxc3 25. a4 Nc6 26. Nb3 Rb8
27. Nbd2 Ra3 28. Kf1 Ra2 29. Ke1 Ncd4 30. Kd1 Nxb5 31. axb5 Ra5 32. b6 Bf4 33.
Nc4 Rd5+ 34. Kc2 Bxg3 35. hxg3 Rc5 36. Kd3 Rcc8 37. Rb5 Nc5+ 38. Kd4 Nb7 39. e6
dxe6 40. Nfe5 f6 41. Nd3 e5+ 0-1

[Event "Detroit (Class B/2/1)"]
[Site "?"]
[Date "1994.??.??"]
[Round "?"]
[White "Morrow, Chris"]
[Black "Jointer, William"]
[Result "1/2-1/2"]
[WhiteElo "1795"]
[BlackElo "1700"]
[PlyCount "135"]
[EventDate "1994.??.??"]

{2/(1)} 1. e4 c5 2. c3 Nc6 3. d4 cxd4 4. cxd4 g6 5. Nf3 Bg7 6. Bc4 Qb6 7. Bb3
Nxd4 8. Be3 Qb4+ 9. Bd2 Qb5 10. Bc3 e5 11. Nxd4 exd4 12. Bxd4 Qb4+ 13. Bc3
Qxe4+ 14. Qe2 Qxe2+ 15. Kxe2 Nf6 16. Re1 O-O 17. Kf1 b6 18. Re7 d6 19. Nd2 Bd7
20. Kg1 Bc6 21. Rae1 Nd5 22. Bxg7 Kxg7 23. Bxd5 Bxd5 24. Rc7 Rfe8 25. Rxe8 Rxe8
26. Kf1 a6 27. f3 Kf6 28. b3 Re7 29. Rc1 b5 30. Kf2 Bb7 31. Nf1 d5 32. Rd1 Ke5
33. Re1+ Kd6 34. Rxe7 Kxe7 35. Ke3 Kd6 36. Kd4 f5 37. f4 a5 38. Ne3 h6 39. g4
fxg4 40. Nxg4 g5 41. Nxh6 gxf4 42. Ng4 Ke6 43. h4 Kf5 44. h5 Bc8 45. h6 Kg6 46.
Nf2 Kxh6 47. Kxd5 Bd7 48. Kd6 Be8 49. Ke7 Bc6 50. Kd6 Bf3 51. Ke5 a4 52. b4 a3
53. Nd3 Bh5 54. Kxf4 Bf7 55. Nc1 Kg6 56. Ke5 Kg5 57. Kd4 Kf5 58. Kc3 Ke4 59.
Nb3 Ke3 60. Nd4 Bc4 61. Nc2+ Ke4 62. Nxa3 Bxa2 63. Nxb5 Kd5 64. Na3 Kc6 65. Kd4
Kb6 66. b5 Bb3 67. Kc3 Ba4 68. Kb4 1/2-1/2

[Event "Detroit (MCO/A/4/7)"]
[Site "?"]
[Date "1994.??.??"]
[Round "?"]
[White "Morris, Jewell"]
[Black "Walker, LeRoy"]
[Result "1-0"]
[WhiteElo "1905"]
[BlackElo "1860"]
[PlyCount "101"]
[EventDate "1994.??.??"]

{4/(7)} 1. d4 Nf6 2. c4 e6 3. Nc3 Bb4 4. Bd2 Bxc3 5. Bxc3 Ne4 6. Bb4 a5 7. Ba3
a4 8. Nf3 c5 9. dxc5 Qa5+ 10. Nd2 Nxc5 11. g3 h5 12. Bg2 h4 13. O-O hxg3 14.
hxg3 Nba6 15. e3 Nb4 16. Ne4 Nxe4 17. Bxe4 Qe5 18. Qd4 Qh5 19. Rfd1 Nc2 20. Qd6
Nxa3 21. Qxa3 Ra5 22. Qd6 Rf5 23. Kf1 Re5 24. Bxb7 Rd5 25. Bxd5 exd5 26. Qxd5
Qxd5 27. cxd5 d6 28. Rac1 Bg4 29. f3 Bxf3 30. Rc8+ Ke7 31. Rxh8 Bxd1 32. Ra8
Kf6 33. Ke1 Bf3 34. Rxa4 Bxd5 35. b4 Ke6 36. b5 Kd7 37. a3 Kc7 38. Rb4 Kb6 39.
Kd2 f5 40. Kc3 g5 41. Rd4 Be4 42. Kb4 d5 43. a4 Kc7 44. a5 Kb7 45. Kc5 Bf3 46.
a6+ Ka7 47. Ra4 g4 48. b6+ Ka8 49. Rd4 Be2 50. a7 f4 51. exf4 1-0